Refugee dilemma : (Record no. 169180)

MARC details
000 -LEADER
fixed length control field 00578nam a2200181 4500
005 - DATE AND TIME OF LATEST TRANSACTION
control field 20191107150445.0
010 ## - LCCN (DPL NO)
LC control number ENG-126854
020 ## - INTERNATIONAL STANDARD BOOK NUMBER
International Standard Book Number 9789353221454
Terms of availability 250.00
035 ## - SYSTEM CONTROL NUMBER
System control number EN-110386
037 ## - SOURCE OF ACQUISITION
Source of stock number/acquisition DBAD/PUB
082 ## - DEWEY DECIMAL CLASSIFICATION NUMBER
Classification number 305.906
100 ## - MAIN ENTRY--PERSONAL NAME
Personal name Suryanarayan,V.
245 ## - TITLE STATEMENT
Title Refugee dilemma :
Remainder of title Sri lankan refugees in Tamil Nadu /
Statement of responsibility, etc by V. Suryanarayan
260 ## - PUBLICATION, DISTRIBUTION, ETC. (IMPRINT)
Place of publication, distribution, etc New Delhi
Name of publisher, distributor, etc Prabhat Prakashan
Date of publication, distribution, etc 2019
270 ## - ADDRESS
Address 4/19 ,Asaf Ali Road ,
City New Delhi
Postal code 110002
Electronic mail address prabhatbooks@gmail.com
300 ## - PHYSICAL DESCRIPTION
Extent 134p.
Other physical details ill.
Dimensions 21cm(Hb)
942 ## - ADDED ENTRY ELEMENTS (KOHA)
Source of classification or shelving scheme Dewey Decimal Classification
Item type English Books
Classification part 305.906
Call number suffix SUR
Holdings
Withdrawn status Lost status Not for loan Collection code Home library Current library Date acquired Source of acquisition Cost, normal purchase price Full call number Barcode Copy number Cost, replacement price Koha item type
      Non-fiction Sarojini Nagar Sarojini Nagar 07/11/2019 DBAD/PUB 250.00 305.906 SUR EN-110386 1 250.00 English Books

© Delhi Public Library
Hit Counter
free hit counter